000 00920nam a2200253 i 4500
001 181120
003 ES-MaACL
005 20230906221257.0
008 121017s2012 sp | |||||||| | spa d
020 _a978-84-220-1570-3
080 _a929 Ángela de la Cruz, Santa
080 _a271 Compañia de la Cruz "18/19"
100 0 _aMaría del Salvador
_cHermana.
_9151674
245 1 0 _aBosquejo biográfico de Sor Ángela de la Cruz
_b: primera biografía de Sor Ángela de la Cruz, escrita por una de sus últimas novicias /
_cHermana María del Salvador.
260 _aMadrid :
_bBiblioteca de Autores Cristianos,
_c2012.
300 _aXXVI, 914 p. ;
_c20 cm.
490 1 _aBAC ;
_v705
500 _aÍndices.
600 0 4 _aAngela de la Cruz
_cSanta.
_921710
610 2 4 _aCompañía de la Cruz-
_vHistoria.
_9151675
830 0 _aBAC ;
_v705
_9191410
852 _aES-MaACL
_jJ-693
999 _c181120
_d181120